000 01544nam a2200325 i 4500
001 000004458
003 DO-SdBNP
005 20241126094713.0
007 ta
008 090723s2007 dr r 000 0 spa d
040 _aDO-SdBNP
_bspa
_cBNPHU
_erda
041 _hspa
082 1 _a231.3
_bS232C
_222
100 _aSantana Marcano, Miguel Ángel,
_d1967-
_4aut.
_948937
245 1 0 _aCristo, Espíritu Santo y María en San Lucas /
_cmonseñor Miguel Ángel Santana Marcano.
264 1 _aSanto Domingo :
_bAmigo del Hogar,
_c2007.
300 _a74 páginas ;
_c21 cm.
336 _atexto
_btxt
_2rdacontent
337 _asin mediación
_bn
_2rdacantent
338 _avolumen
_bnc
_2rdacarrier
504 _aIncluye referencias bibliográficas páginas 56, y notas al pie de las páginas
505 2 _aIntroducción -- El Cristo que nos describe San Lucas -- El Belén de Judea -- Cristo fue el primogénito, pero...¿fue el unigénito? -- Los hermanos de Jesús -- ¿Por qué mataron a Jesús? -- El Espíritu Santo en el evangelio de San Lucas -- El retrato de María en el evangelio de San Lucas -- ¿Es María la madre de Dios? -- El canto del magnificat -- ¿Dónde consta en la biblia que María subió al cielo? -- Conclusión -- Bibliografía.
590 _aInventariado, 2018/BT
650 4 _aJesucristo
_91304
650 4 _aEspíritu santo
_95767
650 4 _aVirgen maría
_95158
650 4 _aBiblia
_xN. T.
_xSan lucas
_xCrítica e interpretación
_97288
910 _aValidado. Control de calidad. MMOLINA
942 _2ddc
_cLBS1
999 _c4267
_d4267